000 00502nam a22001697a 4500
005 20251108164042.0
008 250721s1992 xx 000 0 ara d
082 1 4 _a321.409565/ربي
100 1 _aالربيع، أحمد ذبيان
245 1 0 _aالسلوك الديمقراطي في ضوء التجربة الأردنية /
264 1 _aعمان :
_bالمؤلف،
_c1992.
300 _a277ص
650 1 7 _aالديمقراطية
650 1 7 _aالأردن
942 _2ddc
_cBK
999 _c2381
_d2381